01023 2200361 4500001002100000005001500021035002000036007000300056040001700059100002100076245007900097250001200176300003300188504002900221020002200250041000800272082001200280084001800292090002500310264003900335336002100374337003000395338002300425500002900448650001000477850001000487008004100497700003100538990002300569990002300592990002300615990002300638INLIS00000000000586520260423090209 a0010-0322000109ta aSBPUPADbInd0 aSalimePengarang1 aHukum Kontrak :bPerjanjian, Pinjaman, dan Hibah /cSalim, Editor: Tarmizi a.-Cet 1 ax,230 hal. :bilus. ;c21 cm abibliografi, hlm 225-229 a978-979-007-620-40 aInd a341.022 a341.022 SAL h a341.022 SAL h e 11-6 a.--Jakarta :bSinar Grafika,c2015 2rdacontentaTeks 2rdamediaaTanpa Perantara 2rdacarrieravolume aProfile Penulis, Hlm 229 4aHukum aPUPAD260423 0 0 aEditor, TarmiziePengarang a22.988/B/KAPD/2016 a22.990/B/KAPD/2016 a22.989/B/KAPD/2016 a22.991/B/KAPD/2016